Score 0/15 Timer 04:00
0 Plays Today
% Correct
disney
86.8%
disney
85.8%
disney
85.8%
nick
78.3%
disney
76.4%
nick
76.4%
nick
73.6%
nick
73.6%
% Correct
nick
72.6%
cartoon network
70.8%
cartoon network
67%
cartoon network
63.2%
cartoon network
61.3%
cartoon network
59.4%
8.5%
Remove Ads.
Support Sporcle.
Get the best of Sporcle when you Go Orange. This ad-free experience offers more features, more stats, and more fun while also helping to support Sporcle. Thank you for becoming a member.

You're not logged in!

Compare scores with friends on all Sporcle quizzes.
OR
Log In

Show Comments

Extras

Top Quizzes Today


Score Distribution

Your Account Isn't Verified!

In order to create a playlist on Sporcle, you need to verify the email address you used during registration. Go to your Sporcle Settings to finish the process.

Report this User

Report this user for behavior that violates our Community Guidelines.

Details: